| 000 | 00373nam a2200157Ia 4500 | ||
|---|---|---|---|
| 008 | 241014s9999||||xx |||||||||||||| ||und|| | ||
| 020 | _a9788181473967 | ||
| 060 | _aHF 563 B 2003 | ||
| 100 | _aBurke, Louise | ||
| 245 | 0 | _aManagement Accounting Decision Making | |
| 250 | _a2003 | ||
| 260 |
_aDelhi _bCIMA |
||
| 300 | _a591 | ||
| 650 | _aAccounting | ||
| 942 |
_bIBHM _cBK |
||
| 999 |
_c16268 _d16268 |
||